000 00778 a2200229 4500
020 _a0-7506-7546-2 (hft.)
035 _a(OCoLC)ocm52364829
035 _a(DLC) 2003277020
040 _aDLC
_bDLC
100 1 _aAbbott, Doug
245 1 0 _aLinux for embedded and real-time applications
_cDoug Abbott
260 _aBurlington, Mass. :
_bNewnes,
_ccop. 2003
300 _axii, 255 s. :
_bill. ;
_c24 cm +
_e1 CD-ROM
440 0 _aEmbedded technology series
500 _aCD-ROM contains Linux programs and source code, eBook version of the text
650 0 _aOperating systems (Computers)
650 0 _aEmbedded computer systems
_xProgramming
650 0 _aReal-time programming
650 0 _aLinux
650 0 _aInbyggda system
_xprogrammering
942 _cBK
_k004.16 ABB
_2ddc
999 _c5339
_d5339